| 000 | 00415 a2200121 4500 | ||
|---|---|---|---|
| 001 | ART_2273 | ||
| 005 | 20260410161724.0 | ||
| 008 | 260409a | ||
| 245 | 1 | 0 | _a¿Se debe aplicar siempre el denominado ajuste contable por inflación? |
| 100 | 1 | _aDellElce, Quintino Pierino | |
| 700 | 1 | _aGeli, Alejandro César | |
| 773 | 0 |
_tAdministración de empresas _g- Año XVII, Nº 199 (oct. 1986) _wREV2036 |
|
| 999 |
_c17246 _d17246 |
||